000 00609nam a22001937a 4500
005 20130911152306.0
010 _aENG-108305
020 _c400.00
_a9789380036489
035 _aEN-91838
037 _bDBAD/PUB
082 _a954.02
100 _aMukhopadhyay, Subodh Kumar
245 _aA history of early medieval and medieval India 650-1556 /
_cby Subodh Kumar Mukhopadhyay
260 _aKolkata
_bMitram
_c2013
270 _a37A,College Street,
_bKolkata
_e73
300 _a671p.
_c23cm(pbk)
500 _aIncludes bibliographical references and index
942 _2ddc
_cEN
_mMUK
_h954.02
999 _c78502
_d78502